Security analysis and portfolio management / (Record no. 81532)

MARC details
000 -LEADER
fixed length control field 00624nam a22001937a 4500
005 - DATE AND TIME OF LATEST TRANSACTION
control field 20140108163332.0
010 ## - LCCN (DPL NO)
LC control number ENG-109022
020 ## - INTERNATIONAL STANDARD BOOK NUMBER
International Standard Book Number 9788120348301
Terms of availability 250.00
035 ## - SYSTEM CONTROL NUMBER
System control number EN-92555
037 ## - SOURCE OF ACQUISITION
Source of stock number/acquisition DBAD/PUB
082 ## - DEWEY DECIMAL CLASSIFICATION NUMBER
Classification number 332.632
100 ## - MAIN ENTRY--PERSONAL NAME
Personal name Thomas, Samuel
245 ## - TITLE STATEMENT
Title Security analysis and portfolio management /
Statement of responsibility, etc by Samuel Thomas
260 ## - PUBLICATION, DISTRIBUTION, ETC. (IMPRINT)
Place of publication, distribution, etc New Delhi
Name of publisher, distributor, etc PHI Learning
Date of publication, distribution, etc 2014
270 ## - ADDRESS
Address Rimjhim House,111, Patparganj Industrial Estate,
City New Delhi
Postal code 110092
300 ## - PHYSICAL DESCRIPTION
Extent xix,236p.
Dimensions 24cm(pbk)
500 ## - GENERAL NOTE
General note Includes bibliographical references and index
942 ## - ADDED ENTRY ELEMENTS (KOHA)
Source of classification or shelving scheme Dewey Decimal Classification
Item type English Books
Call number suffix THO
Classification part 332.632
Holdings
Withdrawn status Lost status Not for loan Collection code Home library Current library Date acquired Source of acquisition Cost, normal purchase price Full call number Barcode Copy number Cost, replacement price Koha item type
    Not For Loan Non-fiction D.B.Act.Division D.B.Act.Division 26/12/2013 DBAD/PUB 250.00 332.632 THO EN-92555 1 250.00 English Books

© Delhi Public Library
Hit Counter
free hit counter